Ingres : huit reproductions facsimile en couleurs.

Bibliographic Details
Main Author: Finberg, A. J. (Alexander Joseph), 1866-1939
Format: Book
Language:French
Published: Paris : P. Lafitte, [1910?]
Series:Peintres illustres ; [no.21].
Subjects:

MARC

Tag First Indicator Second Indicator Subfields
LEADER 00000cam a2200000 4500
001 in00000508564
005 20151013063715.0
008 761122s1910 fr acf 00000 frem
010 |a  32017337  
035 |a (OCoLC)02574300 
035 |9 ACD5348AM 
040 |a DLC  |c TXA  |d TXA  |d UtOrBLW 
049 |a TXAM  |c [1394100] 
050 0 0 |a ND553.I5  |b F48 
082 0 |a 759.4  |a 927.5 
100 1 |a Finberg, A. J.  |q (Alexander Joseph),  |d 1866-1939. 
245 1 0 |a Ingres :  |b huit reproductions facsimile en couleurs. 
264 1 |a Paris :  |b P. Lafitte,  |c [1910?] 
300 |a 80 pages :  |b illustrations (portrait) 8 color plate (including frontispiece) ;  |c 21 cm. 
336 |a text  |b txt  |2 rdacontent 
337 |a unmediated  |b n  |2 rdamedia 
338 |a volume  |b nc  |2 rdacarrier 
490 1 |a Les peintres illustres ;  |v [no.21] 
600 1 0 |a Ingres, Jean-Auguste-Dominique,  |d 1780-1867. 
830 0 |a Peintres illustres ;  |v [no.21]. 
999 |a MARS 
999 f f |s 0d5ebff5-02cf-347c-950f-9f6bf263ab81  |i d9f09c40-ead6-305f-95a2-7813ec5d16d4  |t 0 
952 f f |p ric  |a Texas A&M University  |b Rellis Campus  |c Joint Library Facility  |d Remote Storage  |t 0  |e ND553.I5 F48  |h Library of Congress classification  |i unmediated -- volume  |m A14803478801 
998 f f |a ND553.I5 F48  |t 0  |l Remote Storage